Spore na geluk / (Record no. 244298)

MARC details
000 -LEADER
fixed length control field 00569nam a2200217Ia 4500
003 - CONTROL NUMBER IDENTIFIER
control field 3228
005 - DATE AND TIME OF LATEST TRANSACTION
control field 20250612161143.0
008 - FIXED-LENGTH DATA ELEMENTS--GENERAL INFORMATION
fixed length control field 210817s9999 xx e 000 1 AFR d
020 ## - INTERNATIONAL STANDARD BOOK NUMBER
International Standard Book Number <a href="9780624045687">9780624045687</a>
Qualifying information (pbk)
040 ## - CATALOGING SOURCE
Original cataloging agency RDA
Transcribing agency 3228
041 ## - LANGUAGE CODE
Language Afrikaans
082 ## - DEWEY DECIMAL CLASSIFICATION NUMBER
Classification number AF MALH
942 ## - ADDED ENTRY ELEMENTS
Modifier ID 296
Modifier Name Phillipina Naude
100 ## - MAIN ENTRY--PERSONAL NAME
Personal name Malherbe, Madeleine
245 #0 - TITLE STATEMENT
Title Spore na geluk /
Statement of responsibility, etc. Madeleine Malherbe
260 ## - PUBLICATION, DISTRIBUTION, ETC.
Place of publication, distribution, etc. Kaapstad :
Name of publisher, distributor, etc. Hartklop,
Date of publication, distribution, etc. 2007
300 ## - PHYSICAL DESCRIPTION
Extent 224 Pages;
Dimensions 18 cm.
490 ## - SERIES STATEMENT
Series statement hartklop
655 #0 - INDEX TERM--GENRE/FORM
9 (RLIN) 189056
Genre/form data or focus term Afrikaans Fiction
655 #0 - INDEX TERM--GENRE/FORM
9 (RLIN) 189843
Genre/form data or focus term Hospital Romance
942 ## - ADDED ENTRY ELEMENTS
item type Books
Source of classification or shelving scheme Dewey Decimal Classification
Holdings
Withdrawn status Lost status Source of classification or shelving scheme Damaged status Not for loan Home library Current library Date acquired Full call number Barcode Date last seen Price effective from item type Collection code Shelving location Total Checkouts Public note
    Dewey Decimal Classification     Middelburg Regional Library Jeremiah Madonsela Public Library 18.08.2021 AF MALH 33228022882763 18.08.2021 18.08.2021 Books        
    Dewey Decimal Classification     Klipfontein PL (MMID-PLEM-KLIP) Klipfontein PL (MMID-PLEM-KLIP) 12.06.2025 AF MALH 33228022665598 12.06.2025 12.06.2025 Books Fiction Fiction   0940097882